| 000 | 00377nam a22001457a 4500 | ||
|---|---|---|---|
| 003 | OSt | ||
| 005 | 20220104154434.0 | ||
| 008 | 220104b |||||||| |||| 00| 0 eng d | ||
| 020 | _a0619159022 | ||
| 040 | _cHU | ||
| 082 | _a005.86 | ||
| 100 |
_aMorris Lannes L. _927137 |
||
| 245 | _aOracle 9i Administrator 2 Backup Recovery and Network Administration | ||
| 942 |
_2ddc _cBOOKS _n0 |
||
| 999 |
_c26031 _d26031 |
||